Assessing Environmentalo And Socio-Economic Impacts Of Vanaz Metro Station: A Zone Based Sustainability Analysis (Record no. 366374)

MARC details
000 -LEADER
fixed length control field 00575nam a22001697a 4500
005 - DATE AND TIME OF LATEST TRANSACTION
control field 20250515142416.0
008 - FIXED-LENGTH DATA ELEMENTS--GENERAL INFORMATION
fixed length control field 250515b |||||||| |||| 00| 0 eng d
041 ## - LANGUAGE CODE
Language code of text/sound track or separate title eng
082 ## - DEWEY DECIMAL CLASSIFICATION NUMBER
Classification number 720.47
Item number KAL
100 ## - MAIN ENTRY--PERSONAL NAME
Author Kale Sharayu
245 ## - TITLE STATEMENT
Title Assessing Environmentalo And Socio-Economic Impacts Of Vanaz Metro Station: A Zone Based Sustainability Analysis
260 ## - PUBLICATION, DISTRIBUTION, ETC.
Place of publication, distribution, etc. Pune
Name of publisher, distributor, etc. BNCA- M arch Environment Architecture
Date of publication, distribution, etc. 2025
300 ## - PHYSICAL DESCRIPTION
Extent 136 Pages
Other physical details Hb
Dimensions 31 x 22
365 ## - TRADE PRICE
Price type code INR
Price amount 150.00
Currency code Rupaye
500 ## - GENERAL NOTE
Keywords BNCA M Arch Environment Architecture Thesis
942 ## - ADDED ENTRY ELEMENTS (KOHA)
Koha item type Project Reports
Holdings
Withdrawn status Lost status Source of classification or shelving scheme Damaged status Not for loan Home library Current library Date acquired Vendor Net Price Bill number Total Checkouts Full call number Barcode Date last seen Actual Price Bill Date Koha item type
    Dewey Decimal Classification   Reference Dr. Bhanuben Nanavati College of Architecture Dr. Bhanuben Nanavati College of Architecture 15/05/2025 BNCA M Arch Environment Architecture 150.00 00   720.47 KAL BNCA-PR-2299 15/05/2025 150.00 15/05/2025 Project Reports